00318nam a2200133Ia 45000030006000000050017000060080041000230400009000640410012000730820017000851000030001022450043001322600009001750Nust20170105110254.0161124s9999 xx 000 0 und d cIGIS aEnglish a910.285bELW aMeghan Cope, Sarah elwood aQualitative GIS mixed Methods approach c2009